January Transfers 2018 - Statistics

General Stats
  • This quiz has been taken 39 times
    38 since last reset
  • The average score is 9 of 12
Answer Stats
From To Deal Player % Correct
Liverpool Barcelona 106m Philippe Coutinho
97%
Athletic Bilbao Man City 57.2m Aymeric Laporte
94%
Southampton Liverpool 75m Virgil van Dijk
90%
Dortmund Arsenal 56m Pierre-Emerick Aubameyang
87%
Arsenal Man Utd Swap Alexis Sanchez
81%
Arsenal Chelsea 18m Olivier Giroud
74%
Besiktas Everton 27m Cenk Tosun
71%
Man Utd Arsenal Swap Henrikh Mkhitaryan
71%
Everton Chelsea 15m Ross Barkley
71%
Arsenal Everton 20m Theo Walcott
71%
PSG Spurs 25m Lucas
68%
Chelsea Dortmund Loan Michy Batshuayi
65%
No matching quizzes found
Score Distribution
Percent of People with Each Score
Percentile by Number Answered
Your Score History
You have not taken this quiz since the last reset